000 00779nam a22002417a 4500
999 _c5664
_d5664
003 AR-CdUCM
008 190313b ||||| |||| 00| 0 spa d
040 _aMUNICIPALIDAD PROVINCIAL DEL CUSCO
_cBIBLIOTECA MUNICIPAL DEL CUSCO
082 _a330.985 /
_bR288
110 _aRetablo de Papel
_916898
245 _aRealidad nacional /
260 _aLima :
_bRetablo de Papel Ediciones,
_c1974.
300 _a429 páginas ;
_c18 cm.
440 _n15
_916899
500 _aDonaciones de la familia Nieto
505 _aContenido: La cultura peruana -- La versión literaria.
650 _aIndígenas del Perú
_95715
650 _aPeru
_9429
650 _aCondiciones sociales
_91132
700 _aOrtega, Julio (selección y notas)
_916754
942 _2ddc
_cLIBROS
945 _acmm